| 000 | 00411nam a22001337a 4500 | ||
|---|---|---|---|
| 003 | SGT | ||
| 082 |
_a617.643 _bE18R |
||
| 100 | _aBIRSUBHRA, ROY | ||
| 245 | _aEVALUATION OF INCIDENCE OF METASTATIC INVOLVEMENT OF LEVEL IIB SUBGROUP LYMPH NODES IN SQUAMOUS CELL CARCINOMA OF THE ORAL CAVITY | ||
| 260 |
_aDELHI NCR _bSGT UNIVERSITY GURUGRAM _c2018 |
||
| 300 | _a1-96 | ||
| 650 | _aORAL SURGERY | ||
| 942 |
_2ddc _cTH |
||
| 999 |
_c17042 _d17042 |
||